书目信息 |
| 题名: |
工程制图
|
|
| 作者: | 远方 编著 | |
| 分册: | ||
| 出版信息: | 北京 高等教育出版社 2018.08 |
|
| 页数: | 205页 | |
| 开本: | 26cm | |
| 丛书名: | ||
| 单 册: | ||
| 中图分类: | TB23 | |
| 科图分类: | ||
| 主题词: | 工程制图--gong cheng zhi tu--高等教育--教材 | |
| 电子资源: | ||
| ISBN: | 978-7-04-050127-8 | |
| 000 | 01012nam0 2200265 450 | |
| 001 | CAL 0120182560788 | |
| 005 | 20181121151219.4 | |
| 010 | @a978-7-04-050127-8@dCNY33.80 | |
| 100 | @a20181119d2018 em y0chiy50 ea | |
| 101 | 0 | @achi |
| 102 | @aCN@b110000 | |
| 105 | @aa z 000yy | |
| 106 | @ar | |
| 200 | 1 | @a工程制图@Agong cheng zhi tu@e空间想象训练@f远方编著@Fyuan fang bian zhu |
| 210 | @a北京@c高等教育出版社@d2018.08 | |
| 215 | @a205页@c图@d26cm | |
| 330 | @a本书对空间想象过程进行了深入剖析, 提出了空间想象的两类划分, 特别强调了工程教育中培养、发展第二类空间想象力的重要意义, 并以点、线、面、体的投影表达为平台, 科学地规划了一条建立空间想象思维模式, 提升空间想象能力的成长道路。 | |
| 333 | @a高等教育“双一流”工程图学类课程教材 | |
| 517 | 1 | @a空间想象训练@Akong jian xiang xiang xun lian |
| 586 | @a | |
| 606 | 0 | @a工程制图@Agong cheng zhi tu@x高等教育@j教材 |
| 690 | @aTB23@v5 | |
| 701 | 0 | @a远方@Ayuan fang@4编著 |
| 801 | 0 | @aCN@c20181119 |
| 905 | @a河南城建学院图书馆@dTB23@eY938@f2 | |
| 工程制图:空间想象训练/远方编著.-北京:高等教育出版社,2018.08 |
| 205页:图;26cm |
| 使用对象:高等教育“双一流”工程图学类课程教材 |
| ISBN 978-7-04-050127-8:CNY33.80 |
| 本书对空间想象过程进行了深入剖析, 提出了空间想象的两类划分, 特别强调了工程教育中培养、发展第二类空间想象力的重要意义, 并以点、线、面、体的投影表达为平台, 科学地规划了一条建立空间想象思维模式, 提升空间想象能力的成长道路。 |
| ● |
| 相关链接 |
|
|
|
正题名:工程制图
索取号:TB23/Y938
 
预约/预借
| 序号 | 登录号 | 条形码 | 馆藏地/架位号 | 状态 | 备注 |
| 1 | 1416524 | 214165240 | 自科库501/501自科库 6排3列2层/ [索取号:TB23/Y938] | 在馆 | |
| 2 | 1416525 | 214165259 | 自科库501/501自科库 6排3列4层/ [索取号:TB23/Y938] | 在馆 |